000 01195nam a22003377a 4500
003 CHAP
005 20220329134004.0
008 971013s1986 r 00010 d
010 _a13659
011 _a14631
035 _a18705
040 _cCHAP
090 _aTesis
100 0 0 _aGonzález Camacho, Juan Manuel.
_948751
245 _aSistema interactivo para el diseño óptima de un sistema de riego por aspersión
260 _aChapingo, Méx. :
_bEl autor,
_c1986
300 _a94 h
502 _aTesis (M.C. Esp. en Estadística y Cálculo) -- CP. Colegio de Postgraduados. Centro de Estadística y Cálculo
590 _aALEPH
_b10
_c20130110
_lUCH01
_h1233
590 _aBATCH-UPD
_b10
_c20130110
_lUCH01
_h1948
590 _aBATCH-UPD
_b10
_c20130410
_lUCH01
_h1310
590 _aBATCH-UPD
_b10
_c20130914
_lUCH01
_h1549
590 _aCONVERSION
_b10
_c20130109
_lUCH01
_h1309
650 1 4 _aProcesamiento automático de datos en irrigación.
_991796
650 1 4 _aProgramación lineal.
_992371
650 1 4 _aRiego por aspersión.
_997375
901 _aBK
942 _cFOLL
949 _bBC
_cTES
_d-43542
_eTS1
_h18222
_i18705
_si
949 _bBC
_cTES
_d-43544
_eTS2
_fc.2
_h18223
_i18705
_si
999 _c13659
_d13659